Les Matchs d'Ouverture des Coupes du Monde de Rugby - Statistiques

Statistiques générales
  • Ce quiz a été pris 163 fois
  • Le résultat moyen est 11 sur 12
Statistiques - réponses
Réponse % Correct
France
100%
Angleterre
99%
Nouvelle-Zélande
99%
Afrique du Sud
98%
Argentine
97%
Australie
96%
Japon
96%
Pays de Galles
93%
Fidji
85%
Italie
82%
Tonga
81%
Russie
57%
Aucun quiz correspondant
Distribution des résultats
% des personnes avec chaque résultat
Percentile par nombre de réponses
Votre historique - résultats
Vous n’avez pas pris ce quiz